| 000 | 00483nam a22001577a 4500 | ||
|---|---|---|---|
| 008 | 131009b xxu||||| |||| 00| 0 hun d | ||
| 041 | 0 | _ahun | |
| 080 | _a007 | ||
| 100 | 1 | _aHanika, F. de P. | |
| 245 | 1 | 0 |
_aA vezetés új horizontja / _cF. de P. Hanika |
| 260 |
_aBudapest : _bKözgazdasági és Jogi Könyvkiadó ; _c1970 |
||
| 300 |
_a124 f. : _bme il. ; _c20 cm. |
||
| 500 | _aElőszó : f. [VII] - [VIII] | ||
| 650 | _aKibernetika | ||
| 942 |
_2udc _cBK |
||
| 999 |
_c57 _d57 |
||